QCM Nostradamus - Statistiques

Statistiques générales
  • Ce quiz a été pris 17 fois
  • Le résultat moyen est 5 sur 15
Statistiques - réponses
Question Réponse % Correct
Le titre exact du principal ouvrage de Nostradamus est Les prophéties de M. Michel Nostradamus
100%
Michel de Nostredame né Nostradamus est né en 1503
50%
Nostradamus a beaucoup voyagé mais n'a jamais habité à Cambrai
50%
En 1556, Nostradamus se rend à la cour de France à la demande de la reine... Catherine de Médicis
50%
Le 35e quatrain qui commence par "Le lyon jeune le vieux surmontera" prédit selon les interprètes de Nostradamus La mort du roi Henri II
50%
Nostradamus aurait inventé un remède contre... la peste
50%
Nostradamus étudie à Avignon doit fuir après l'arrivée de la peste
50%
Nostradamus était... Provençal
50%
Nostradamus étudie la peste qui a tué... sa 1ère femme et ses deux enfants
50%
Nostradamus aurait prédit à la reine Mère que son fils Charles IX vivrait jusqu'à 90 ans, il est mort à... 24 ans
0%
Nostradamus a aussi publié un ouvrage consacré à la confiserie
0%
Le principal ouvrage de Nostradamus a connu un tel succès qu'il a été traduit avant 1560 en anglais et en italien
0%
Quel événement n'a pas été prédit par Nostradamus les attentats du 11 septembre 2001
0%
Beaucoup de quatrains concernent des faits du passé, même pour Nostradamus, certains ont démontré qu'il s'était inspiré d'autres auteurs, mais pas d'un des quatre cités... Suétone
0%
On dit qu'en ouvrant le tombeau de Nostradamus en 1791 on a trouvé une médaille portant la date du jour
0%
Aucun quiz correspondant
Distribution des résultats
% des personnes avec chaque résultat
Percentile par nombre de réponses
Votre historique - résultats
Vous n’avez pas pris ce quiz